<?xml version="1.0" encoding="UTF-8"?>
<marc:record xmlns:marc="http://www.loc.gov/MARC21/slim">
   <marc:leader>00000nam a2200000 a 4500</marc:leader>
   <marc:datafield ind1="1" ind2=" " tag="100">
      <marc:subfield code="a">Kolb, Fabian</marc:subfield>
      <marc:subfield code="4">edt</marc:subfield>
      <marc:subfield code="e">Bearbeiter/-in</marc:subfield>
   </marc:datafield>
   <marc:datafield ind1=" " ind2=" " tag="653">
      <marc:subfield code="a">Geschichte 1800-1830</marc:subfield>
   </marc:datafield>
   <marc:datafield ind1=" " ind2=" " tag="653">
      <marc:subfield code="a">Oper</marc:subfield>
   </marc:datafield>
   <marc:datafield ind1=" " ind2=" " tag="653">
      <marc:subfield code="a">Softcover / Musik/Musikgeschichte</marc:subfield>
   </marc:datafield>
   <marc:datafield ind1=" " ind2=" " tag="653">
      <marc:subfield code="a">Historische Musik-Kulturen</marc:subfield>
   </marc:datafield>
   <marc:datafield ind1=" " ind2=" " tag="653">
      <marc:subfield code="a">Olympia</marc:subfield>
   </marc:datafield>
   <marc:datafield ind1=" " ind2=" " tag="653">
      <marc:subfield code="a">Freischütz</marc:subfield>
   </marc:datafield>
   <marc:datafield ind1=" " ind2=" " tag="653">
      <marc:subfield code="a">19. Jahrhundert</marc:subfield>
   </marc:datafield>
   <marc:datafield ind1=" " ind2=" " tag="653">
      <marc:subfield code="a">Konferenzschrift</marc:subfield>
   </marc:datafield>
   <marc:datafield ind1="0" ind2="0" tag="245">
      <marc:subfield code="a">Zwischen Olympia und Freischütz</marc:subfield>
   </marc:datafield>
   <marc:datafield ind1="0" ind2="0" tag="245">
      <marc:subfield code="b">Oper in Berlin im ersten Drittel des 19. Jahrhunderts : Repertoire - Realisierung - Rezeption</marc:subfield>
   </marc:datafield>
   <marc:datafield ind1="0" ind2="0" tag="245">
      <marc:subfield code="c">herausgegeben von Fabian Kolb</marc:subfield>
   </marc:datafield>
   <marc:datafield ind1=" " ind2="1" tag="264">
      <marc:subfield code="a">Würzburg</marc:subfield>
      <marc:subfield code="b">Königshausen &amp; Neumann</marc:subfield>
   </marc:datafield>
   <marc:datafield ind1="1" ind2=" " tag="490">
      <marc:subfield code="a">Historische Musik-Kulturen</marc:subfield>
      <marc:subfield code="v">Band 1</marc:subfield>
   </marc:datafield>
   <marc:datafield ind1="1" ind2=" " tag="520">
      <marc:subfield code="a">Olympia und Freischütz – die im Abstand von nur fünf Wochen erfolgte Erstaufführung von Gaspare Spontinis deutschsprachiger Zweitfassung seiner Tragédie lyrique Olimpie als »große Oper« am 14. Mai 1821 in der Berliner Königlichen Hofoper und die Uraufführung von Carl Maria von Webers »romantischer Oper« Der Freischütz am 18. Juni 1821 im Berliner Königlichen Schauspielhaus gelten in der Geschichte des Musiktheaters als markantes Doppelereignis, im Blick auf das die operngeschichtliche Situation Berlins im ersten Drittel des 19. Jahrhunderts symptomatisch zugespitzt erscheint. Das 200. Jubiläum dieser »Doppelpremiere« bot nun Anlass, die musiktheatergeschichtliche Situation in der preußischen Haupt- und Residenzstadt zu jener Zeit nuancierter zu betrachten und den Blick dabei nicht zuletzt auch auf die Gegebenheiten und Phänomene jenseits des prominenten Oppositionspaars zu weiten. Der Band vereint Beiträge von Axel Beer, Matthias Brzoska, Sieghart Döhring, Anselm Gerhard, Lavinia Hantelmann, Tina Hartmann, Sabine Henze-Döhring, Christoph Henzel, Sebastian Herold, Arnold Jacobshagen, Fabian Kolb, Ursula Kramer, Klaus Pietschmann, Solveig Schreiter, Thomas Seedorf, Jasmin Seib, Joachim Veit und Michael Walter.
</marc:subfield>
   </marc:datafield>
   <marc:datafield ind1=" " ind2=" " tag="020">
      <marc:subfield code="a">9783826090523</marc:subfield>
      <marc:subfield code="9">9783826090523</marc:subfield>
   </marc:datafield>
   <marc:datafield ind1=" " ind2=" " tag="020">
      <marc:subfield code="a">3826090527</marc:subfield>
      <marc:subfield code="9">3826090527</marc:subfield>
   </marc:datafield>
   <marc:datafield ind1=" " ind2=" " tag="041">
      <marc:subfield code="a">ger</marc:subfield>
   </marc:datafield>
   <marc:datafield ind1=" " ind2=" " tag="300">
      <marc:subfield code="a">373 Seiten</marc:subfield>
   </marc:datafield>
</marc:record>
